000 00783cam a22002291 4500
001 e 12001390
003 DLC
005 20260227111158.0
008 830913s1884 fr 000 0 fre c
010 _ae 12001390
035 _a(OCoLC)9902743
040 _aU.S. Off. of Educ. Library
_cODaU
_dDLC
042 _apremarc
050 0 0 _aLC314.F8
_bS5
100 1 _aSicard, Augustin,
_d1844-1931.
245 1 2 _aL'éducation morale et civique avant et pendant la révolution (1700-1808)
_cpar Augustin Sicard. Ouvrage précédé d'une lettre d'introduction de Monseigneur l'évêque d'Autun.
260 _aParis,
_bPoussielgue,
_c1884.
300 _ax, 583 p.
_c22 cm.
650 0 _aMoral education
650 0 _aEducation
_zFrance
_xHistory
650 0 _aEducation and state
_zFrance
999 _c19399
_d19399